| 000 | 00496nam a22001937a 4500 | ||
|---|---|---|---|
| 999 |
_c16463 _d16463 |
||
| 003 | OSt | ||
| 005 | 20170901123910.0 | ||
| 008 | 170830b xxu||||| |||| 00| 0 eng d | ||
| 020 | _a9966498214 | ||
| 040 | _cKABU | ||
| 050 |
_aDT 352.4 _b.L59 |
||
| 100 | _aLiyong, Taban Lo | ||
| 245 |
_aCulture is rutan _cTaban Lo Liyong |
||
| 260 |
_aNairobi _bLongman _c1991 |
||
| 300 | _a242p. | ||
| 650 | _aAfrocentrism | ||
| 650 |
_aAfrica, Sub-Saharan _xsocial life and customs |
||
| 942 |
_2lcc _cBK |
||